Best Selling NBA Jerseys 2023 - Statistics

General Stats
  • This quiz has been taken 505 times
  • The average score is 12 of 15
Answer Stats
# Answer % Correct
6 LeBron James
100%
30 Stephen Curry
99%
34 Giannis Antetokounmpo
95%
77 Luka Doncic
95%
35 Kevin Durant
93%
0 Jayson Tatum
85%
15 Nikola Jokic
84%
0 Damian Lillard
80%
12 Ja Morant
79%
1 Devin Booker
78%
21 Joel Embiid
78%
11 Kyrie Irving
75%
7 Jaylen Brown
59%
2 LaMelo Ball
56%
3 Jordan Poole
30%
No matching quizzes found
Score Distribution
Percent of People with Each Score
Percentile by Number Answered
Your Score History
You have not taken this quiz